banner-ar

موجز تاريخ الشعب الارمنى : (Record no. 61892)

MARC details
000 -الفاتح
حقل البيانات ثابتة الطول 01115nam a22002537a 4500
005 - وقت وتاريخ اخر تعامل مع التسجيلة
رقم الضبط 20240530110521.0
008 - عناصر البيانات ثابتة الطول - معلومات عامة
حقل البيانات ثابتة الطول 160217s2012 ua bao g 000 0 ara d
017 ## - رقم الايداع القانونى
رقم الايداع القانونى 2012/1627
المصدر ( الهيئة المختصة) مصر . دار الكتب المصرية
020 ## - الرقم الدولى المعيارى للكتب
الرقم الدولى المعيارى للكتاب 9789774277267
040 ## - مصدر الفهرسة
وكالة الفهرسة الأصلية EG-CaGPL
082 04 - رقم تصنيف ديوى العشرى
رقم الطبعة 21
رقم التصنيف 947.56\
رقم المادة ب م
100 1# - المدخل الرئيسى - إسم شخصى
الإسم الشخصى بورنوتيان ، جورج .
245 10 - بيان العنوان
العنوان موجز تاريخ الشعب الارمنى :
بقية العنوان من العصور القديمة الى العصور الحديثة /
بيان المسئوليه,etc تاليف جورج بورتوتيان ؛ ترجمة سحر توفيق ؛ مراجعة محمد رفعت الامام ؛ اشراف بيرج ترزيان .
250 ## - بيان الطبعة
بيان الطبعة ط1.
260 ## - PUBLICATION, DISTRIBUTION, ETC. (IMPRINT)
تاريخ النشر أو التوزيع 2012 .
300 ## - الوصف المادى
التعداد 478 ص :
تفاصيل ماديه اخرى للوعاء ايض ؛
أبعاد الوعاء 24 سم .
650 04 - المدخل الاضافى بالموضوع-مصطلح موضوعى
مصطلح موضوعي الايقونات .
651 04 - المدخل الاضافى بالموضوع - اسم جغرافى
الاسم الجغرافي ارمينيا
التقسيم الفرعي العام تاريخ .
700 0# - المدخل الاضافى - اسم شخصى
الإسم الشخصى سحر توفيق
الدور مترجم .
700 0# - المدخل الاضافى - اسم شخصى
الإسم الشخصى بيرج ترزيان
الدور مشرف .
700 0# - المدخل الاضافى - اسم شخصى
الإسم الشخصى محمد رفعت الامام
الدور مقدم .
942 ## - عناصر المدخل الإضافي( كوها)
مصدر التصنيف او مخطط الترفيف Dewey Decimal Classification
Koha [default] item type كتاب
260 ## - PUBLICATION, DISTRIBUTION, ETC. (IMPRINT)
-- القاهرة :
-- الدار المصرية اللبنانية ،
Holdings
حالة التراجع حالة الفقد حالة تلف ليس للاعارة المكان المؤقت الموقع الحالى تاريخ الاكتساب اجمالي اﻻعارات رقم الطلب الباركود تاريخ اخر مشاهدة تاريخ تفعيل السعر نوع وعاء كوها
        مكتبة القاهرة الكبرى مكتبة القاهرة الكبرى 02/17/2016   947.56\ ب م 161329 02/17/2016 02/17/2016 كتاب

Powered By

EGPV